000 00291nam a2200109Ia 4500
001 1276036
005 20260417160439.0
008 260417s9999 xx 000 0 und d
020 _a9786257854139
245 0 _aMeraklı Sorular Eğlenceli Cevaplar
_cMehmet Demirhan
260 _bKetebe Çocuk
999 _c1276036
_d1276036